00780naa a2200181 i 45000010005000000030009000050050017000140080039000310400021000700800007000911000102000982450081002006500018002816500022002997730249003219420013005709990015005839178KOSZ 00520180426142034.0151123s2012 pl n f |000 0pol cBPKdKOSZ 005/EG a371 aSKRZYPNIAK, Ryszard.d1996 - .bPolitechnika Koszalińska - Instytut Neofilologii i Europeistyki10aIdea podmiotowości – teoria i praktyka edukacyjna /cRyszard Skrzypniak. 0aKształcenie. 0aPodmiotowość.0 iW : tPodmiotowość w edukacji wobec odmienności kulturowych oraz społecznych zróżnicowań. 2 / red. nauk. Natalia Majchrzak, Natasza Starik, Andrzej Zduniak. -dPoznań : Wydaw. Wyższej Szkoły Bezpieczeństwa, 2012. -gs. 27-47 cROZ2UKD c9178d9178